000 00489nam a22001457a 4500
082 _a621.39
100 _aMajid, Arslan
245 _aRobust Visual Tracking using Illumination Invariant Features in Spatial Temporal Context Aware Model
260 _aIslamabad :
_bCEME - NUST,
_c2015.
300 _a65 p. ;
_c30cm.
650 _aComputer Engineering-MS-Thesis
_916083
700 _aDr. Mahmood Akthar
_931610
942 _2ddc
_cTHE
999 _c536447
_d536447